Practical psychiatry and mental hygiene. (Record no. 38618)

MARC details
000 -LEADER
fixed length control field 00885cam a22002891 4500
001 - CONTROL NUMBER
control field med47002477
003 - CONTROL NUMBER IDENTIFIER
control field DLC
005 - DATE AND TIME OF LATEST TRANSACTION
control field 20260227111606.0
008 - FIXED-LENGTH DATA ELEMENTS--GENERAL INFORMATION
fixed length control field 750822s1947 nyu b 000 0 eng
010 ## - LIBRARY OF CONGRESS CONTROL NUMBER
LC control number med47002477
035 ## - SYSTEM CONTROL NUMBER
System control number (OCoLC)1562328
040 ## - CATALOGING SOURCE
Original cataloging agency DLC
Transcribing agency FM
Modifying agency OCoLC
-- DLC
050 00 - LIBRARY OF CONGRESS CALL NUMBER
Classification number RC601
Item number .H25
082 ## - DEWEY DECIMAL CLASSIFICATION NUMBER
Classification number 616.8
100 1# - MAIN ENTRY--PERSONAL NAME
Personal name Hartwell, Samuel Willard,
Dates associated with a name 1882-
245 00 - TITLE STATEMENT
Title Practical psychiatry and mental hygiene.
250 ## - EDITION STATEMENT
Edition statement 1st ed.
260 ## - PUBLICATION, DISTRIBUTION, ETC.
Place of publication, distribution, etc. New York [etc.]
Name of publisher, distributor, etc. McGraw-Hill,
Date of publication, distribution, etc. 1947.
300 ## - PHYSICAL DESCRIPTION
Extent xvi, 439 p.
Dimensions 24 cm.
490 0# - SERIES STATEMENT
Series statement McGraw-Hill series in nursing.
500 ## - GENERAL NOTE
General note Includes chapter on psychological tests prepared by Charles M. Toy.
504 ## - BIBLIOGRAPHY, ETC. NOTE
Bibliography, etc. note Includes "References." "General bibliography": p. 401-412.
650 #0 - SUBJECT ADDED ENTRY--TOPICAL TERM
Topical term or geographic name entry element Psychiatry.
650 #0 - SUBJECT ADDED ENTRY--TOPICAL TERM
Topical term or geographic name entry element Mental health.
650 #0 - SUBJECT ADDED ENTRY--TOPICAL TERM
Topical term or geographic name entry element Mental health.
700 1# - ADDED ENTRY--PERSONAL NAME
Personal name Toy, Charles Mallery,
Dates associated with a name 1910-

No items available.

Powered by Koha